000 00700nam a22002057a 4500
005 20251108165251.0
008 250721s1994 xx 000 0 ara d
082 1 4 _a823.09/نظر
100 1 _aجيمس، هنري
245 1 0 _aنظرية الرواية في الأدب الإنجليزي الحديث /
264 1 _aالقاهرة :
_bالهيئة المصرية العامة للكتاب،
_c1994.
300 _a243ص
650 1 7 _aالقصص الإنجليزية
650 1 7 _aالأدب الإنجليزي
650 1 7 _aالتاريخ الأدبي
650 1 7 _aالنقد الأدبي
700 1 _aسمعان، انجيل بطرس
_eترجمة
942 _2ddc
_cBK
999 _c23672
_d23672